000
00441nam a2200181Ia 4500
008
090123s9999 xx 000 0 und d
082
_b
36013
100
_a
जाधव सतीश
245
_a
झळ
250
_a
0
260
_b
शब्द प्रकाशन
_c
2003
300
_a
195
600
_a
जाधव सतीश
630
_a
झळ
700
_a
जाधव सतीश
730
_a
झळ
942
_c
BOOK
999
_c
74081
_d
74081